Which side was each country on in the Cold War? - Statistics

General Stats
  • This quiz has been taken 90 times
  • The average score is 16 of 20
Answer Stats
Question Answer % Correct
USSR Eastern Bloc
100%
USA Western Bloc
100%
UK Western Bloc
100%
France Western Bloc
100%
Romania Eastern Bloc
96%
Canada Western Bloc
94%
Poland Eastern Bloc
93%
Bulgaria Eastern Bloc
91%
Switzerland Neutral
88%
Netherlands Western Block
88%
Sweden Neutral
81%
Japan Western Bloc
78%
Greece Western Bloc
78%
Norway Western Bloc
73%
Turkey Western Bloc
70%
Austria Neutral
68%
Iceland Western Bloc
68%
Finland Neutral
65%
Yugoslavia Neutral
48%
Iran Western Bloc
28%
No matching quizzes found
Score Distribution
Percent of People with Each Score
Percentile by Number Answered
Your Score History
You have not taken this quiz